ADVANCED APPLICATIONS OF BLOCKCHAIN TECH (Record no. 32549)

MARC details
000 -LEADER
fixed length control field 00334nam a2200133Ia 4500
008 - FIXED-LENGTH DATA ELEMENTS--GENERAL INFORMATION
fixed length control field 240624s9999 xx 000 0 und d
041 ## - LANGUAGE CODE
Language code of text/sound track or separate title eng
082 ## - DEWEY DECIMAL CLASSIFICATION NUMBER
Classification number 005.74 KIM
100 ## - MAIN ENTRY--PERSONAL NAME
Personal name KIM SHIHO
245 ## - TITLE STATEMENT
Title ADVANCED APPLICATIONS OF BLOCKCHAIN TECH
260 ## - PUBLICATION, DISTRIBUTION, ETC.
Date of publication, distribution, etc. 2020
Place of publication, distribution, etc. Singapore
Name of publisher, distributor, etc. Springer
300 ## - PHYSICAL DESCRIPTION
Extent 278p. ;23cm.
365 ## - TRADE PRICE
Currency code ERU
Price amount 33
Holdings
Withdrawn status Lost status Damaged status Not for loan Home library Current library Shelving location Date acquired Full call number Barcode Date last seen Copy number Price effective from Koha item type
        IMTN IMTN Rack 3-A 01/07/2022 005.74 KIM 32549 06/24/2024 88.7 06/24/2024 Books
Designed & Maintained by: LRC IMT Nagpur Contact: lrc@imtnag.ac.in© 2024. All Rights Reserved.